000 00915nam a22002177a 4500
008 081021t xxu||||| |||| 00| 0 eng d
010 _aENG-91402
020 _c90.00
_a9788190715263
035 _aEN-74935
037 _bDBAD / PUB
040 _adpl
_bEnglish
082 _a657.48
100 _aXavior Selvakumar, A.
245 _aFinancial accounting /
_cby A. Xavior Selvakumar
260 _aChennai
_bVizhichudar Pathippagam
_c2008
300 _a105p.
_c20cm (pbk)
650 _aAccounting
942 _2ddc
_cEN
_mSEL
_h657.48
999 _c16971
_d16971